Outwitting our nerves: A primer of psychotherapy (Record no. 1321811)

MARC details
000 -LEADER
fixed length control field 00637nam a2200205Ia 4500
005 - DATE AND TIME OF LATEST TRANSACTION
control field 20260415160333.0
008 - FIXED-LENGTH DATA ELEMENTS--GENERAL INFORMATION
fixed length control field 008 250505s9999 xx 000 0 eng d
037 ## - SOURCE OF ACQUISITION
Stock number Textual
040 ## - CATALOGING SOURCE
Original cataloging agency FEDL
Language of cataloging eng
Transcribing agency FEDL
041 ## - LANGUAGE CODE
Language code of text/sound track or separate title eng
Source of code eng
084 ## - COLON CLASSIFICATION NUMBER
Classification number 157.9 JAC
Assigning agency FEDL
100 ## - MAIN ENTRY--PERSONAL NAME
Personal name Jackson Josephine A.
9 (RLIN) 755728
245 #0 - TITLE STATEMENT
Title Outwitting our nerves: A primer of psychotherapy
260 ## - PUBLICATION, DISTRIBUTION, ETC.
Place of publication, distribution, etc. London, UK
Name of publisher, distributor, etc. Kegan Paul, Trench, Trubner and Co. Ltd
300 ## - PHYSICAL DESCRIPTION
Extent xi,275p
650 ## - SUBJECT ADDED ENTRY--TOPICAL TERM
Topical term or geographic name entry element Abnormal psychology
9 (RLIN) 19040
700 ## - ADDED ENTRY--PERSONAL NAME
Personal name Salisbury Helen M.
9 (RLIN) 756096
942 ## - ADDED ENTRY ELEMENTS (KOHA)
Koha item type Textual
Classification part 157.9 JAC
Holdings
Withdrawn status Lost status Damaged status Not for loan Home library Current library Date acquired Total Checkouts Full call number Barcode Date last seen Price effective from Koha item type
        Department of Education Library Department of Education Library 2025-05-08   157.9 JAC EL0000492 2025-05-08 2025-05-08 Textual
Copyright @ Delhi University Library System